|
|
|
|
| LEADER |
00794cam a2200217 7i4500 |
| 001 |
0000020384 |
| 005 |
20250811090000.0 |
| 008 |
081006 bm |
| 020 |
|
|
|a 9838340030294
|
| 090 |
0 |
0 |
|a DS596
|b .N39 1996
|
| 100 |
0 |
|
|a Nazaruddin Mohd Jali
|
| 245 |
0 |
0 |
|a Kenegaraan Malaysia :
|b sejarah awal kemerdekaan dan pembentukan Malaysia
|c Nazarudin Mohd Jali, Nurazmi Kuntum, Ismail M. Rashid.
|
| 250 |
|
|
|a New ed.
|
| 260 |
|
|
|a Subang Jaya, Selangor:
|b Kumpulan Budiman Sdn. Bhd.,
|c 1996.
|
| 300 |
|
|
|a 101 p.;
|c 22 cm.
|
| 504 |
|
|
|a Includes bibliographical references
|
| 651 |
|
0 |
|a Malaysia --
|x History
|
| 700 |
0 |
|
|a Nurazmi Kuntum
|
| 700 |
0 |
|
|a Ismail M. Rashid
|
| 999 |
|
|
|a 0000024743
|b BOK
|c OPEN SHELF
|e SHAH ALAM
|
| 999 |
|
|
|a 0000024748
|b BOK
|c OPEN SHELF
|e 1st Floor, Shah Alam
|